Govt. of
Madhya Pradesh

30 Practice Sets SSC Combined Graduate Level Pre. Examination (Record no. 49066)

MARC details
000 -LEADER
fixed length control field 004490000a22001690004500
003 - CONTROL NUMBER IDENTIFIER
control field MACL
005 - DATE AND TIME OF LATEST TRANSACTION
control field 20160112162257.0
008 - FIXED-LENGTH DATA ELEMENTS--GENERAL INFORMATION
fixed length control field 160112b xxu||||| |||| 00| 0 eng d
040 ## - CATALOGING SOURCE
Original cataloging agency MACL
Transcribing agency MACL
041 ## - LANGUAGE CODE
Language code of text/sound track or separate title English
082 ## - DEWEY DECIMAL CLASSIFICATION NUMBER
Classification number 001/KUM
100 ## - MAIN ENTRY--PERSONAL NAME
Personal name Kumar,Purnendu
9 (RLIN) 31543
245 ## - TITLE STATEMENT
Title 30 Practice Sets SSC Combined Graduate Level Pre. Examination
260 ## - PUBLICATION, DISTRIBUTION, ETC. (IMPRINT)
Place of publication, distribution, etc. New Delhi
Name of publisher, distributor, etc. Arihant Publications
Date of publication, distribution, etc. 2014
350 ## - PRICE (NR) (BK AM CF MU VM SE) [OBSOLETE]
Price 310
942 ## - ADDED ENTRY ELEMENTS (KOHA)
Koha item type Books
Call number prefix 378
Source of classification or shelving scheme
Holdings
Withdrawn status Lost status Source of classification or shelving scheme Damaged status Not for loan Home library Current library Date acquired Cost, normal purchase price Total Checkouts Full call number Barcode Date last seen Date last checked out Uniform Resource Identifier Price effective from Koha item type
          MACL MACL 15/04/2015 310.00 2 001/KUM DPI000043 07/03/2017 23/02/2017 49855 15/04/2015 Books